000 00402nam a2200133Ia 4500
005 20260328101449.0
008 260328s9999||||xx |||||||||||||| ||und||
100 _aEliash, Humberto
245 0 _aArquitectura y Modernidad en Chile :
_b Una realidad multiple 1925-1965 /
_cHumberto Eliash
260 _bUniversidad Católica de Chile
300 _a198 p.
650 _aARQUITECTURA REGIONAL
942 _cBK
999 _c8592
_d8592